Les Vidéos du #Keur - L'Hymne de soutien aux Youtubeurs - Paroles - Statistiques

Statistiques générales
  • Ce quiz a été pris 3 fois
  • Le résultat moyen est 110 sur 151
Statistiques - réponses
Réponses % Correct
à
100%
À
100%
a
100%
ai
100%
c'
100%
ceux
100%
de
100%
du
100%
en
100%
est
100%
et
100%
J'
100%
je
100%
l'
100%
le
100%
les
100%
Les
100%
Moi
100%
moi,
100%
moi.
100%
n'
100%
ni
100%
On
100%
on
100%
ont
100%
ou
100%
plus
100%
pour
100%
quand
100%
qui
100%
rien.
100%
s'
100%
un
100%
vous
100%
Vous
100%
Youtubeurs !
100%
âge
67%
arnaque.
67%
Aujourd'hui,
67%
ayants
67%
baratin.
67%
bouge
67%
bourses
67%
branleurs,
67%
chômage.
67%
cul
67%
dans
67%
des
67%
droit,
67%
droits,
67%
foi
67%
idéologie,
67%
la
67%
loi.
67%
loi...
67%
nos
67%
par
67%
pas
67%
pas,
67%
pense
67%
remplir
67%
Sans
67%
sans
67%
SOLO
67%
Surclassés,
67%
tous
67%
amour-propre
33%
assez
33%
barres !
33%
beaux
33%
comme
33%
demain
33%
égoïste,
33%
était
33%
exclus
33%
fait
33%
file
33%
gâteau,
33%
Google
33%
grosse
33%
hiver,
33%
joindrons
33%
juste
33%
larbins
33%
liste.
33%
mais
33%
merde
33%
noms,
33%
nous
33%
pensons
33%
promettra
33%
rencard
33%
sacs
33%
savais
33%
Si
33%
si
33%
soirs,
33%
sympa.
33%
être,
0%
humour
0%
peut
0%
privés
0%
Aucun quiz correspondant
Distribution des résultats
% des personnes avec chaque résultat
Percentile par nombre de réponses
Votre historique - résultats
Vous n’avez pas pris ce quiz